|
|
|
|
| LEADER |
00674cam a2200181ua 4500 |
| 020 |
|
|
|a 81-240-1313-6
|
| 082 |
|
|
|a 894.812 4
|b PEA/E
|
| 100 |
0 |
|
|a പിയേഴ്സൺ,എൻ.എം
|
| 245 |
1 |
0 |
|a ഇക്കോഫെമിനിസം,ഇക്കോടൂറിസം,മാർക്സിസം
|
| 250 |
|
|
|a 2nd ed.
|
| 260 |
|
|
|a Kottayam
|b Current Books
|c 2006
|
| 300 |
|
|
|a 196p.
|
| 650 |
0 |
|
|a Eco feminism, eco tourism, Marxism
|
| 650 |
0 |
|
|a Essays- Malayalam language
|
| 700 |
|
|
|a Pearson,N.M.
|
| 942 |
|
|
|c BK
|
| 999 |
|
|
|c 15986
|d 15986
|
| 952 |
|
|
|0 0
|1 0
|4 0
|6 894_812000000000000_4_PEAE
|7 0
|9 16665
|a KUCL
|b KUCL
|d 2014-05-23
|l 3
|m 1
|o 894.812 4 PEA/E
|p 18134
|r 2016-02-12
|s 2016-01-15
|y BK
|